Saguna (Record no. 12210)

MARC details
000 -LEADER
fixed length control field 00674nam a2200253 a 4500
020 ## - INTERNATIONAL STANDARD BOOK NUMBER
ISBN 0193658
082 00 - DEWEY DECIMAL CLASSIFICATION NUMBER
Classification number 823
Author Cutter SAT
100 ## - MAIN ENTRY--AUTHOR NAME
Author name Sathiandhan, Krupabai
245 ## - TITLE STATEMENT
Title Saguna
Sub title the First Autobiographical Novel in English By an Woman
260 ## - PUBLICATION, DISTRIBUTION, ETC. (IMPRINT)
Place of publication Londan
Name of publisher Oxford University Press
Year of publication 1998
300 ## - PHYSICAL DESCRIPTION
Number of Pages 182p
500 ## - GENERAL NOTE
General note includes index and biblioraphy
505 2# - FORMATTED CONTENTS NOTE
Formatted contents note Index
650 ## - SUBJECT ADDED ENTRY--TOPICAL TERM
Topical Term English-Fiction
650 ## - SUBJECT ADDED ENTRY--TOPICAL TERM
Topical Term Women-Biography
942 ## - ADDED ENTRY ELEMENTS (KOHA)
Koha item type Books
700 1# -
-- Sathiandhan, Krupabai
Holdings
Collection code Home library Current library Date acquired Cost, normal purchase price Full call number Accession Number Koha item type
  Henry Martyn Institute Library Henry Martyn Institute Library 06/15/2007 425.00 823 SAT 018425 Books
                   Copyright © 2026 | Henry Martyn Institute | Hyderabad | TS-500052 | INDIA | Implemented by hmi.edu.in
Hit-Count:

Powered by Koha